LEADER 01249nam a2200277 i 4500 001 000000239408 003 CaOOAMICUS 005 20150303000000.0 008 150303s1970 it u000 u ita u 013 $a218313 040 $aSeMil$bita 100 1 $aGilas, Milovan.$0(OLS)http://semarc/name/52735 240 14$aThe Unperfect Society.$0(OLS)http://semarc/title/340896 245 13$aLa societą imperfetta :$bal di lą della «Nuova Classe» /$cMilovan Gilas ; traduzione di Paola Campioli. 250 $a2. ed. 260 $a[Milano] :$bArnoldo Mondadori Editore,$c1970 (copyr. 1969)$e(Vicenza :$fArti Grafiche delle Venezie,$g1970 (copyr. 1969)) 300 $a242 p. ;$c21 cm. 490 0 $aSaggi ;$v12 500 $aContiene : Nota biografica. 650 4$aSocietą - Saggi.$0(OLS)http://semarc/subject/5184 700 1 $aCampioli, Paola.$0(OLS)http://semarc/name/55308 830 0$aSaggi ;$v12.$0(OLS)http://semarc/title/341 850 $aSeMil 852 $aSeMil$W1$xVenegono$y1$m3N II 252$j189754$B189754$CSeMilBibl$Z2$F200565 $81 996 $6245$aLa societą imperfetta :$bal di lą della «Nuova Classe»$9(OLS)http://semarc/title/340895 996 $6260$a[Milano] :$bArnoldo Mondadori Editore$9(OLS)http://semarc/publisher/29634 LEADER 00911nam a2200217 i 4500 001 000000048871 003 CaOOAMICUS 005 20120615000000.0 008 120615s1972 it u000 u ita u 013 $a20041 040 $aSeMil$bita 245 10$aManipolazione e futuro dell'uomo :$b4. congresso dei teologi moralisti, Ariccia, 4/7 aprile 1972. 260 $aBologna :$bEDB,$c1972. 300 $a308 p. ;$c19 cm. 490 0 $aStudi e ricerche ;$v15 650 4$aBioetica e teologia.$0(OLS)http://semarc/subject/6364 830 0$aStudi e ricerche ;$v15.$0(OLS)http://semarc/title/6597 850 $aSeMil 852 $aSeMil$W1$xVenegono$y1$m2E I 219$j15026$B15026$CSeMilBibl$Z2$F15026 $81 996 $6245$aManipolazione e futuro dell'uomo :$b4. congresso dei teologi moralisti, Ariccia, 4/7 aprile 1972$9(OLS)http://semarc/title/402516 996 $6260$aBologna :$bEDB$9(OLS)http://semarc/publisher/29669